Diseño, construcción y pruebas preliminares de una cabeza con percepción multimodal para el robot humanoide del ARCOS-Lab

Spremljeno u:
Bibliografski detalji
Glavni autor: Oviedo Villalobos, Greivin Antonio, 1989-
Daljnji autori: Ruiz Ugalde, Federico, 1980- Director de TFG
Format: Knjiga
Jezik:Spanish
Izdano: [San José ], Costa Rica 2017
Teme:
Oznake: Dodaj oznaku
Bez oznaka, Budi prvi tko označuje ovaj zapis!

MARC

LEADER 00000nam a22000007a 4500
003 012741
005 20230921115356.0
008 171010b2017 cr a|||| |m|| 00| ||spa d
040 |c cru CEDI 
090 |a TFG 7892 
100 |9 1608  |a Oviedo Villalobos, Greivin Antonio, 1989- 
245 |a Diseño, construcción y pruebas preliminares de una cabeza con percepción multimodal para el robot humanoide del ARCOS-Lab 
260 |a [San José ], Costa Rica  |c 2017 
300 |a xv, 103 hojas ; ilustraciones a color 
500 |a Tesis (licenciatura en ingeniería eléctrica)--Universidad de Costa Rica. Facultad de Ingeniería. Escuela de Ingeniería Eléctrica 
501 |a Director de Tesis de Graduación: Dr. Federico Ruiz Ugalde 
650 |x ROBOTS AUTONOMOS - DISEÑO Y CONSTRUCCION   |x ROBOTS AUTONOMOS - PRUEBAS   |x SISTEMAS DE CONTROL DE AUTOMATAS  |x SISTEMAS DE CONTROL   |9 10114 
700 |9 714  |a Ruiz Ugalde, Federico, 1980-  |d Director de TFG 
942 |c CEDI 
999 |c 19110  |d 19110